LDR 00859naa#a2200181#i#450# 001 EN\\bibl\119752 005 20260415180922.3 011 ## _a2308-8877 100 ## _a20260406b2026####ek#y0engy0150####ca 102 ## _aRU 200 1# _aCOMPARATIVE ANALYSIS OF INSTITUTIONAL AND METHODOLOGICAL MODELS OF CADASTRAL VALUATION OF AGRICULTURAL LAND: INTERNATIONAL EXPERIENCE AND IMPLICATIONS FOR MODERNIZATION OF THE RUSSIAN SYSTEM _eJournal article 210 1# _aVoronezh _cFSBE Institution of Higher Education Voronezh State University of Forestry and Technologies named after G.F. Morozov _d2026 215 ## _a14 с. 608 ## _aJournal article _2local 675 ## _aЭкономика. Народное хозяйство. Экономические науки. 33 _z 700 #1 _aYakovenko _gNataliya Vladimirovna 700 #1 _aFedyunin _gPavel Grigor'evich 856 4# _aanni.editorum.ru _u